| Поле | Инд. | ПП | Название | Значение |
|---|---|---|---|---|
| Тип записи | a | |||
| Библиографический уровень | m | |||
| 001 | Контрольный номер | d640bd97-8acf-46d9-b81b-a1aa07061e24 | ||
| 005 | Дата корректировки | 20140415104626.9 | ||
| 008 | Кодируемые данные | 010613 d | ||
| 020 | a | ISBN | 5-02-015556-X | |
| c | Цена, тираж | 30.00 | ||
| 040 | a | Служба первич. каталог. | НБ ТвГУ | |
| 041 | a | Код языка текста | rus | |
| 080 | a | Индекс УДК | 537.8(075.8) | |
| 084 | a | Индекс другой классификации/Индекс ББК | В313.22я731-1 | |
| 090 | a | Полочн. индекс | В313.2 | |
| x | Авторский знак | П15 | ||
| 100 | 1_ | a | Автор | Памятных Евгений Алексеевич |
| 245 | 10 | a | Заглавие | Основы электродинамики материальных сред в переменных и неоднородных полях |
| b | Продолж. заглавия | Учеб. пособие для студентов вузов, обучающихся по физ., радиофиз. и материаловед. спец. | ||
| c | Ответственность | Е. А. Памятных, Е. А. Туров; Федерал. целевая программа "Гос. поддержка интеграции высш. образования и фундам. науки на 1997-2000 гг." | ||
| 260 | 0_ | a | Место издания | Москва |
| b | Издательство | Наука | ||
| c | Дата издания | 2000 | ||
| 260 | 0_ | b | Издательство | Физматлит |
| 300 | a | Объем | 235,[5] с. | |
| b | Иллюстрации/ тип воспроизводства | ил. | ||
| 504 | a | Библиография | Библиогр.: с.236-237. | |
| 583 | a | Действие | Получение впервые 404 31.05.2001 | |
| k | Исполнитель действия | Дар Центра "Интеграции" | ||
| 650 | a | Основная рубрика | Сплошные среды | |
| x | Основная подрубрика | Электродинамика | ||
| 650 | a | Основная рубрика | Физика теоретическая | |
| x | Основная подрубрика | Учебники для вузов | ||
| 653 | a | Ключевые слова | Классическая электродинамика | |
| a | Ключевые слова | Макроскопическая электродинамика | ||
| a | Ключевые слова | Теоретическая физика | ||
| a | Ключевые слова | Физика | ||
| a | Ключевые слова | Электродинамика материальных сред | ||
| a | Ключевые слова | Электродинамика сплошных сред | ||
| 700 | 1_ | a | Другие авторы | Туров Евгений Антонович |
| e | Роль лиц | авт. | ||
| 852 | t | Порядковый номер экземпляра | 2 | |
| p | Инвентарный номер | 734964 | ||
| p | Инвентарный номер | 734965 | ||
| 888 | a | Бесплатные | ||
| 930 | a | Новая/Ретро | учебники | |
| 952 | c | Вид литературы | К ру | |
| p | 404.2001 30.00 1 734964 | |||
| p | 404.2001 30.00 1 734965 | |||
| 954 | a | Дата поступления на обработку | 20010613 | |
| 999 | a | Подразделение 2 | Фил3 |